| 000 | 00482nam a2200181 4500 | ||
|---|---|---|---|
| 001 | 12866 | ||
| 005 | 20230410115559.0 | ||
| 008 | 060907n1994 dr spa | ||
| 020 | _a0029269032 | ||
| 035 | _9funglode12973 | ||
| 041 | _aEN | ||
| 050 | 1 | 4 | _aHF 1416 R782e 1994 |
| 100 | _aRoot, Franklin R. | ||
| 245 | 1 |
_aEntry strategies for international markets / _cFranklin R.Root |
|
| 260 |
_aNew York : _bLexington Books, _c1994 |
||
| 300 | _a324 p. | ||
| 942 |
_2lcc _cbk |
||
| 999 |
_c44032 _d44032 |
||